Statistics for Manchester United Players 2022-23

Click here to take the quiz!

General Stats

  • This quiz has been taken 44 times
  • The average score is 23 of 30

Answer Stats

HintAnswer% Correct
#1David de Gea
100%
#5Harry Maguire
97%
#10Marcus Rashford
97%
#9Anthony Martial
94%
#17Fred
94%
#8Bruno Fernandes
92%
#7Cristiano Ronaldo
92%
#23Luke Shaw
92%
#19Raphael Varane
92%
#20Diogo Dalot
89%
#18Casemiro
86%
#39Scott McTominay
86%
#2Victor Lindelof
86%
#29Aaron Wan-Bissaka
83%
#25Jadon Sancho
83%
#6Lisandro Martinez
83%
#36Anthony Elanga
81%
#14Christian Eriksen
81%
#22Tom Heaton
81%
#4Phil Jones
78%
#21Antony
75%
#12Tyrell Malacia
72%
#33Brandon Williams
67%
#31Martin Dubravka
67%
#49Alejandro Garnacho
61%
#38Axel Tuanzebe
58%
#34Donny van de Beek
47%
#28Facundo Pellistri
33%
#47Shola Shoretire
31%
#43Teden Mengi
28%

Score Distribution

Percentile by Number Answered

Percent of People with Each Score

Your Score History

You have not taken this quiz